UM Logo

Fundamentals of electric circuits/ (Record no. 4768)

MARC details
000 -LEADER
fixed length control field 00682nam a22001937a 4500
008 - FIXED-LENGTH DATA ELEMENTS--GENERAL INFORMATION
fixed length control field 160922b xxu||||| |||| 00| 0 eng d
020 ## - INTERNATIONAL STANDARD BOOK NUMBER
International Standard Book Number 0072463317
082 ## - DEWEY DECIMAL CLASSIFICATION NUMBER
Edition number 2004
Classification number DC 621.31924
Item number A13f
100 ## - MAIN ENTRY--PERSONAL NAME
9 (RLIN) 15116
Personal name Alexander, Charles K.
245 ## - TITLE STATEMENT
Title Fundamentals of electric circuits/
Statement of responsibility, etc. Charles K. Alexander and Matthew N.O. Sadiku.
250 ## - EDITION STATEMENT
Edition statement 2nd edition
260 ## - PUBLICATION, DISTRIBUTION, ETC. (IMPRINT)
Place of publication, distribution, etc. Boston:
Name of publisher, distributor, etc. McGraw-Hill,
Date of publication, distribution, etc. c2004.
300 ## - PHYSICAL DESCRIPTION
Extent xviii, 904+various paging:
Other physical details illustrations;
Dimensions 25 cm.
500 ## - GENERAL NOTE
General note Includes appendices bibliographical references and index.
650 #0 - SUBJECT ADDED ENTRY--TOPICAL TERM
9 (RLIN) 15117
Topical term or geographic name as entry element Electric circuits
700 ## - ADDED ENTRY--PERSONAL NAME
9 (RLIN) 15118
Personal name Sadiku, Matthew N.O.
Relator term Author
365 ## - TRADE PRICE
Price amount 595.00
Currency code Php
942 ## - ADDED ENTRY ELEMENTS (KOHA)
Source of classification or shelving scheme Dewey Decimal Classification
Koha item type Circulation
Holdings
Withdrawn status Lost status Source of classification or shelving scheme Damaged status Not for loan Collection code Home library Current library Date acquired Source of acquisition Total Checkouts Full call number Barcode Date last seen Copy number Price effective from Koha item type
    Dewey Decimal Classification     Circulation UM Digos College - LIC UM Digos College - LIC 09/28/2006 Purchased   DC 621.31924 A13f 2004 18760 05/15/2025 1 09/22/2016 Circulation
    Dewey Decimal Classification     Circulation UM Digos College - LIC UM Digos College - LIC 09/28/2006 Purchased   DC 621.31924 A13f 2004 18761 05/15/2025 2 09/22/2016 Circulation